Política para corregidores y señores de vasallos en tiempos de paz, y de guerra, y para prelados en lo espiritual, y temporal entre legos, jueces de comisión, regidores, abogados y otros oficios públicos ... (Registro nro. 36439)

Detalles MARC
000 -ENCABEZADO
Número de control [NR] 02942nam a2200361Ia 4500
005 - FECHA Y HORA DE LA ÚLTIMA TRANSACCIÓN
control field 20140903180212.0
008 - DE LONGITUD FIJA DE DATOS DE ELEMENTOS - INFORMACIÓN GENERAL
Elementos de longitud fija [NR] 130821s1775 sp a gr spa
040 ## - FUENTE DE CATALOGACION [NR]
Agencia de catalogación original [NR] Co-BoUCM
Idioma de catalogación [NR] spa
Quien Cataloga Aldemar Mondragón (modificó)
Quien Clasifica Aldemar Mondragón (modificó)
041 0# - CODIGO DE IDIOMA [R]
Código de idioma para texto/pista de sonido o título separado [R] Español
092 ## - SIGNATURA TOPOGRAFICA LOCAL
Número de clasificación local E18N074
100 1# - ASIENTO PRINCIPAL--NOMBRE PERSONAL [NR]
Nombre personal [NR] Castillo de Bobadilla, Jerónimo
Fechas asociadas con el nombre [NR] b. 1547
ID Autoridad 49143
245 10 - MENCION DE TITULO [NR]
Título [NR] Política para corregidores y señores de vasallos en tiempos de paz, y de guerra, y para prelados en lo espiritual, y temporal entre legos, jueces de comisión, regidores, abogados y otros oficios públicos ...
Mención de responsabilidad, etc. [NR] su autor el licenciado Castillo de Bobadilla ...
250 ## - MENCION DE EDICION [NR]
Mención de edición [NR] Esta añadida, y emendada por el autor...
260 ## - PUBLICACION, DISTRIBUCION, ETC. (PIE DE IMPRENTA) [R]
Lugar de publicación, distribución, etc. [R] Madrid (España)
Nombre del editor, distribuidor, etc. [R] En la imprenta Real de Gazeta
Fecha de publicación, distribución, etc. [R] 1775
300 ## - DESCRIPCION FISICA [R]
Extensión [R] 2 volúmenes[[4], 940 ; [4], 824 páginas
Otros detalles físicos [NR] ilustraciones
500 ## - NOTA GENERAL [R]
Nota general [NR] Detalles físicos: Encuadernación en pergamino, con algunas manchas. Conserva guardas y portada impresa a una sola tinta en diversos tipos de letras y con un pequeño adorno. Texto impreso en dos columnas, con notas al pie de página, letras capitales sencillas, papel de buena calidad, cantos y filos pintados. Varias perforaciones de insectos en toda la obra. V.1: perforación de insectos de gran tamaño en desde la pagina 819. V.2: Pág. 387 con desprendimiento. Empieza a desencuadernanarse.
500 ## - NOTA GENERAL [R]
Nota general [NR] Incluye índice.
505 0# - NOTA DE CONTENIDO CON FORMATO PREESTABLECIDO [R]
Nota de contenido con formato preestablecido [NR] V.1: Primer libro de la politica: de las calidades de los corregidores, y de sus tenientes, y oficiales y del cuidado y debida pureza en la elección de ellos. -- Libro segundo de la politica: de los oficios, y jurisdicción de los Corregidores, y de los Señores de Vasallos, y Prelados y de sus ministros.
505 0# - NOTA DE CONTENIDO CON FORMATO PREESTABLECIDO [R]
Nota de contenido con formato preestablecido [NR] V.2: Libro tercero de la politica: De las principales materias del gobierno de la República, y de lo tocante à los ayuntamientos. -- Libro cuarto de la politica: De los oficios del corregidor tocantes à la Guerra en fronteras, y puertos. -- Libro quinto de la politica: Como debe el corregidor, ò juez de Comisión tomar, y dár las Residencias, y de todo lo tocante a ellas.
506 ## - NOTA DE RESTRICCIONES DE ACCESO [R]
Condiciones de acceso [NR] Consulta en sala.
650 04 - ASIENTO SECUNDARIO DE MATERIA - TERMINO TEMATICO [R]
Término temático o nombre geográfico como elemento de entrada [NR] Corregidores
Subdivisión geográfica [R] España
9 (RLIN) 12014
650 04 - ASIENTO SECUNDARIO DE MATERIA - TERMINO TEMATICO [R]
Término temático o nombre geográfico como elemento de entrada [NR] Derecho administrativo
Subdivisión geográfica [R] España
9 (RLIN) 12695
650 04 - ASIENTO SECUNDARIO DE MATERIA - TERMINO TEMATICO [R]
Término temático o nombre geográfico como elemento de entrada [NR] Derecho colonial español
9 (RLIN) 12714
650 04 - ASIENTO SECUNDARIO DE MATERIA - TERMINO TEMATICO [R]
Término temático o nombre geográfico como elemento de entrada [NR] Derecho constitucional
9 (RLIN) 12725
650 04 - ASIENTO SECUNDARIO DE MATERIA - TERMINO TEMATICO [R]
Término temático o nombre geográfico como elemento de entrada [NR] Jueces
Subdivisión geográfica [R] España
9 (RLIN) 18110
651 #4 - ASIENTO SECUNDARIO DE MATERIA - NOMBRE GEOGRAFICO [R]
Nombre geográfico [NR] España
Subdivisión general [R] Historia constitucional
Subdivisión cronológica [R] Siglo xvi
9 (RLIN) 26943
651 #4 - ASIENTO SECUNDARIO DE MATERIA - NOMBRE GEOGRAFICO [R]
Nombre geográfico [NR] España
Subdivisión general [R] Política y gobierno
9 (RLIN) 26943
690 ## - ASUNTO AGREGADO LOCAL DE ENTRADA - TÉRMINO TEMÁTICO (OCLC, RLIN)
9 (RLIN) 42769
Acceso temático local Derecho constitucional
856 41 - LOCALIZACION Y ACCESO ELECTRONICOS [R]
Nota dirigida al público [R] Disponible en línea V.1
Identificador Uniforme del Recurso (“URI”) [R] <a href="http://books.google.com.co/books?id=Hxjl6MvzaCQC&printsec=frontcover&hl=es&source=gbs_ge_summary_r&cad=0#v=onepage&q&f=false">http://books.google.com.co/books?id=Hxjl6MvzaCQC&printsec=frontcover&hl=es&source=gbs_ge_summary_r&cad=0#v=onepage&q&f=false</a>
856 41 - LOCALIZACION Y ACCESO ELECTRONICOS [R]
Nota dirigida al público [R] Disponible en línea V.2
Identificador Uniforme del Recurso (“URI”) [R] <a href="http://books.google.com.co/books?id=yIlt7jPPar0C&printsec=frontcover&hl=es&source=gbs_ge_summary_r&cad=0#v=onepage&q&f=false">http://books.google.com.co/books?id=yIlt7jPPar0C&printsec=frontcover&hl=es&source=gbs_ge_summary_r&cad=0#v=onepage&q&f=false</a>
942 ## - ELEMENTOS DE ENTRADA AGREGADOS (KOHA)
Tipo de ítem principal el descrito en 300a Libro
Tema principal Derecho
Edición 1
Sistema de clasificación DEWEY
Clasificación 342
Existencias
Total préstamos Código de barras Última vez visto Volúmen / Fascículo Ejemplar Price effective from Tipo de ítem Perdido Sistema de clasificación Dañado No prestable Tipo de ítem específico Suprimido Ubicación habitual Ubicación actual Localización Fecha de creación Forma de adquisición Costo
  L002753 15/12/2012 E18N074 V.1 Ej.1 03/02/2013 Libro   DEWEY     Libro archivo     Archivo Histórico Archivo histórico 28/02/2013 Donación 0.00
  L002754 15/12/2012 E18N074 V.2 Ej.1 03/02/2013 Libro   DEWEY     Libro archivo     Archivo Histórico Archivo histórico 28/02/2013 Donación 0.00